000 01723cam a22004814i 4500
003 PE-LiUPU
005 20250731173355.0
008 150706s r 000 0 d
020 _a0664241840
035 _a(Sirsi) i9780664241841
040 _aPE-LiUPU
_bspa
_cPE-LiUPU
_erda
049 _aPRUA
082 0 4 _a210.8926
_bS8
_221
245 0 1 _aStories from ancient Canaan /
_ceditado y traducido por Michael David Coogan.
264 1 _aPhiladelphia :
_bWestminster Press,
_c1978.
300 _a120 páginas ;
_c21 centímetros
336 _atext
_2rdacontent
337 _aunmediated
_2rdamedia
338 _avolume
_2rdacarrier
504 _aIncluye Bibliografía en las p. 24-25.
505 0 _aIntroduction -- Aqhat -- The healers -- Kirta -- Baal.
526 _aSEG42
526 _aSEG41
526 _aSEG40
526 _aSEG39
526 _aP94
526 _aP87
526 _aP86
526 _aP85
526 _aP77
526 _aP76
526 _aP35
541 _g001-002141;
650 0 4 _aLiteratura Ugarítica
_vTraducciones al Inglés.
650 0 4 _aUgarit (ciudad extinta)
_xVida social y costumbres
_vFicción.
700 1 _aCoogan, Michael David,
_eed.
910 _agl
_bjck
_d20101026
942 _2ddc
_cBOOK
949 _a210.8926 S8
_wDEWEY
_c1
_i62220
_lCCODEBUL1
_mBUL
_p5.00
_r0
_sY
_tBOOK
_u2015-7-6
_xTEOLOGIA
_PP35
_0COMPRA
_o.STAFF. Colección General
994 _aC0
_bPEPRU
596 _a1
999 _a210.8926 S8
_wDEWEY
_c51301
_i62220
_f2021-11-9
_g5
_lCCODEBUL1
_mBUL
_p5.00
_r0
_sY
_tBOOK
_u2015-7-6
_xTEOLOGIA
_PP35
_0COMPRA
_o.STAFF. Colección General
_d51301
980 _81
_gALBERTO SANCHEZ Responsable de Automatización